Statistics for disney+ movie quiz

Click here to take the quiz!

General Stats

  • This quiz has been taken 10 times
  • The average score is 10 of 15

Answer Stats

QuestionAnswer% Correct
in alice and wonderland what game do alice and the queen of hearts playcroquet
100%
what is the name of the kingdom in frozenarendelle
89%
which movie is about superheroes trying to stop thanosavengers: Infinity War
89%
which movie is about an unusual elephantdumbo
89%
which movie is about a princess named aurorasleeping beauty
89%
In bampi what is the name of bampi's rabbit friendthumper
89%
hercules takes place whereancient greece
78%
in princess and the frog what treat is tiana's specialtybeignets
67%
in tangled what does flynn ryder complain they never get right on his wanted posternose
67%
which of these disney villians did not die at the end of their first moviecruella de vil
56%
in aladdin, aladdin tricked the genie into doing whatgetting them out of a cave
56%
which movie is about the antetekounmpo familyrise
56%
what star wars movie do han solo, leia, and luke skywalker get stuck in a trash compactora new hope
33%
who is the oldest offical disney princesstiana
22%
in wreck it ralph, ralph is the villian of which video gamefix-it felix, jr
11%

Score Distribution

Percentile by Number Answered

Percent of People with Each Score

Your Score History

You have not taken this quiz